| 000 | 01003cam a22002175a 4500 | ||
|---|---|---|---|
| 001 | L157934 | ||
| 008 | 130729s2013 xxk f 000 0 eng d | ||
| 020 | _a9781409839682 | ||
| 035 | _a(Sirsi) u157934 | ||
| 041 | 0 | _aeng | |
| 110 | 2 |
_aUnited Kingdom _bDepartment for Communities and Local Government _94939 |
|
| 245 | 0 | 0 |
_aProperty owners and Business Improvement Districts _bFormalising the role of property owners who are not rate payers in Business Improvement District Schemes _h[electronic resource] |
| 260 |
_aLondon _bDCLG _c2013 |
||
| 520 | _aConsiders how the role of property owners who are not ratepayers can be formalised in Business Improvement Districts. | ||
| 520 | _aConsultation closes on 17 September 2013 | ||
| 590 | _aKA | ||
| 651 | 4 |
_aEngland _y886- |
|
| 690 |
_aCommercial property _96227 |
||
| 856 | 4 | 0 |
_uhttps://www.gov.uk/government/uploads/system/uploads/attachment_data/file/224818/Property_Owner_Consultation.pdf _zView this item free of charge at www.gov.uk |
| 942 | _n0 | ||
| 999 |
_c115035 _d115035 |
||